Normal view
MARC view
- Bernard Testa & Stefanie D. Kramer
Entry Personal Name
001 - CONTROL NUMBER
- control field: 109931
003 - CONTROL NUMBER IDENTIFIER
- control field: NUST
005 - DATE AND TIME OF LATEST TRANSACTION
- control field: 20230307104921.0
008 - FIXED-LENGTH DATA ELEMENTS
- fixed length control field: 230307|| aca||aabn | a|a d
040 ## - CATALOGING SOURCE
- Original cataloging agency: NUST
- Transcribing agency: NUST
100 ## - HEADING--PERSONAL NAME
- Personal name: Bernard Testa & Stefanie D. Kramer
670 ## - SOURCE DATA FOUND
- Source citation: Work cat.: (NUST): Bernard Testa & Stefanie D. Kramer, Pharmacokinetic Profiling in Drug Research:, 2006.
